000 00694cab a2200205 4500
001 WB2835-04
008 090401t1992 xxu||||| |||| 00| 0 eng d
035 _a(Sirsi) u6812
041 _aeng
245 _aPSA sale terms
260 _c1992
350 _a0
490 _aBuilding
_v257(7761) 11 September 1992, 11(1)
520 _aThe Government has dropped its insistence that PSA Building Management, its 9000 strong repair and maintenance arm, should be sold as five separate divisions and will instead allow firms to bid for the entire business.
650 _aPRIVATISATION
650 _aPROPERTY SERVICES AGENCY
690 _aBUILT ENVIRONMENT
942 _n0
948 _c04/03/1997
999 _c4050
_d4050